[Event "Karposh Open 2015"]
[Site "Skopje MKD"]
[Date "2015.03.30"]
[Round "5.76"]
[White "Batkoski, Nenad"]
[Black "Sahitaj, Naim"]
[Result "0-1"]
[WhiteElo "1879"]
[BlackElo "2259"]
[PlyCount "108"]
[EventDate "2015.03.27"]
[EventType "swiss"]
[EventRounds "9"]
[EventCountry "MKD"]
[Source "lmi"]
[SourceDate "2015.03.27"]

1. e4 d6 2. d4 Nf6 3. f3 c6 4. Be3 Qb6 5. b3 g6 6. Qd2 h5 7. Na3 Qc7 8. Bd3
Nbd7 9. Nh3 a6 10. Rc1 e5 11. Nc4 b5 12. Nb2 exd4 13. Bxd4 c5 14. Be3 Bg7 15.
c4 b4 16. Nf4 Ne5 17. Be2 O-O 18. O-O a5 19. Nbd3 Nc6 20. Rfd1 Rd8 21. Nb2 Bb7
22. Kh1 Ne5 23. Nfd3 Nfd7 24. Bg5 Re8 25. Nxe5 Nxe5 26. Na4 Re6 27. Rc2 Nc6 28.
Bd3 Nd4 29. Rcc1 Rae8 30. Bf4 Qc6 31. Qf2 Bf6 32. Rf1 Kf8 33. Nb2 Ke7 34. Nd1
Kd7 35. h4 Qc7 36. Ne3 Qd8 37. Bg3 Bg7 38. Nd5 Bc6 39. Bf4 Rh8 40. Rce1 a4 41.
Bg5 Qa5 42. bxa4 Bxa4 43. f4 Rhe8 44. f5 gxf5 45. exf5 Rxe1 46. Rxe1 Rxe1+ 47.
Qxe1 Be5 48. a3 Bc6 49. axb4 Qa3 50. Bf1 cxb4 51. Nxb4 Qh3+ 52. Kg1 Nf3+ 53.
Kf2 Qg3+ 54. Ke2 Qxe1+ 0-1

[Event "Karposh Open 2015"]
[Site "Skopje MKD"]
[Date "2015.03.30"]
[Round "5.77"]
[White "Bal, Enes Emre"]
[Black "Saraci, Osman"]
[Result "0-1"]
[WhiteElo "1859"]
[BlackElo "2152"]
[PlyCount "85"]
[EventDate "2015.03.27"]
[EventType "swiss"]
[EventRounds "9"]
[EventCountry "MKD"]
[Source "lmi"]
[SourceDate "2015.03.27"]

1. e4 c5 2. d4 cxd4 3. c3 dxc3 4. Nxc3 g6 5. Bc4 Nc6 6. Nf3 d6 7. e5 e6 8. Bg5
Be7 9. Bxe7 Kxe7 10. exd6+ Qxd6 11. Qe2 Nf6 12. O-O a6 13. Rad1 Qf4 14. Rfe1
Re8 15. g3 Qg4 16. Rd5 Kf8 17. Rg5 Qh3 18. Qe3 Qh6 19. Qc5+ Kg8 20. Qe3 Qg7 21.
Nd5 Nxd5 22. Rxd5 Qxb2 23. Rd2 Qf6 24. Red1 Rd8 25. Rxd8+ Nxd8 26. Ne5 Nc6 27.
Nxc6 bxc6 28. Qb6 Qe7 29. Rd8+ Kg7 30. Qb2+ e5 31. Qd2 Rb8 32. h4 Rb1+ 33. Kh2
Bf5 34. h5 gxh5 35. Rd6 Bg6 36. Rxc6 h4 37. Qe3 hxg3+ 38. Qxg3 a5 39. Bd3 Rb2
40. a4 Rb3 41. Kg2 f6 42. Qg4 Rxd3 43. Rc8 0-1

[Event "Karposh Open 2015"]
[Site "Skopje MKD"]
[Date "2015.03.30"]
[Round "5.78"]
[White "Gulsoy, Mustafa Alpago"]
[Black "Tsaknakis, Zisis"]
[Result "0-1"]
[WhiteElo "1842"]
[BlackElo "2149"]
[PlyCount "74"]
[EventDate "2015.03.27"]
[EventType "swiss"]
[EventRounds "9"]
[EventCountry "MKD"]
[Source "lmi"]
[SourceDate "2015.03.27"]

1. e4 c5 2. c3 Nf6 3. e5 Nd5 4. d4 cxd4 5. Nf3 e6 6. cxd4 d6 7. Nc3 Nxc3 8.
bxc3 Qc7 9. Bd2 Bd7 10. Rb1 Bc6 11. Bb5 Be7 12. Qb3 b6 13. exd6 Bxd6 14. O-O
O-O 15. Bxc6 Nxc6 16. c4 e5 17. d5 Nd8 18. Rfe1 Rc8 19. Rbc1 Nb7 20. Bb4 f6 21.
Nd2 Bxb4 22. Qxb4 Nc5 23. Qc3 f5 24. Rxe5 Nd3 25. Rxf5 Nxc1 26. Rxf8+ Rxf8 27.
Qxc1 Qc5 28. Qe1 b5 29. cxb5 Qxd5 30. a4 Qa2 31. g3 Qxa4 32. Qe6+ Kh8 33. Qe7
Ra8 34. Ne4 Qxb5 35. Ng5 Qe8 36. Qa3 h6 37. Nf3 Qe4 0-1

[Event "Karposh Open 2015"]
[Site "Skopje MKD"]
[Date "2015.03.30"]
[Round "5.79"]
[White "Aksoy, Atilla"]
[Black "Ozen, Bahadir"]
[Result "0-1"]
[WhiteElo "1758"]
[BlackElo "2092"]
[PlyCount "66"]
[EventDate "2015.03.27"]
[EventType "swiss"]
[EventRounds "9"]
[EventCountry "MKD"]
[Source "lmi"]
[SourceDate "2015.03.27"]

1. e4 d6 2. Nc3 Nf6 3. g3 g6 4. Bg2 Bg7 5. Nge2 O-O 6. O-O c5 7. d3 Nc6 8. Bg5
Rb8 9. Qd2 b5 10. Nd5 Nxd5 11. exd5 Ne5 12. c3 b4 13. c4 Bf5 14. Nc1 Qd7 15.
Qe2 Rfe8 16. Be4 e6 17. Nb3 exd5 18. cxd5 Nxd3 19. Bxf5 Qxf5 20. Be3 Nxb2 21.
Rab1 Na4 22. Qa6 Nc3 23. Rbd1 Nxd1 24. Rxd1 Qd7 25. Nd2 Qb5 26. Qxd6 Rbd8 27.
Qc6 Qxc6 28. dxc6 Bc3 29. c7 Rd7 30. Bf4 Bxd2 31. Rxd2 Rxd2 32. Bxd2 Rc8 33.
Bf4 c4 0-1

[Event "Karposh Open 2015"]
[Site "Skopje MKD"]
[Date "2015.03.30"]
[Round "5.80"]
[White "Krstev, Emil"]
[Black "Daghan, Devran"]
[Result "0-1"]
[WhiteElo "2092"]
[BlackElo "1820"]
[PlyCount "104"]
[EventDate "2015.03.27"]
[EventType "swiss"]
[EventRounds "9"]
[EventCountry "MKD"]
[Source "lmi"]
[SourceDate "2015.03.27"]

1. d4 d6 2. c4 g6 3. Nc3 Bg7 4. e4 Nf6 5. Be2 O-O 6. Nf3 e5 7. d5 Nbd7 8. Bg5
h6 9. Bh4 g5 10. Bg3 Nc5 11. Nd2 a5 12. h4 g4 13. h5 Bd7 14. Bh4 Qc8 15. Bg3
Nh7 16. Nb3 Nxb3 17. Qxb3 f5 18. f3 f4 19. Bf2 g3 20. Bg1 b6 21. Nb5 Rb8 22.
O-O-O Nf6 23. Kb1 Be8 24. Qa3 Qd8 25. Na7 Qe7 26. Nb5 Bxh5 27. c5 dxc5 28. d6
cxd6 29. Rxd6 Bf7 30. Qc3 Rfd8 31. Rxb6 Rxb6 32. Bxc5 Qe6 33. Bxb6 Qxb6 34. Bc4
Bxc4 35. Qxc4+ Kh7 36. Nc3 Rb8 37. b3 Qd4 38. Qc7 Re8 39. Qc6 Qf2 40. Nd5 Nxd5
41. Qxe8 Nc3+ 42. Kc1 Nxa2+ 43. Kb1 Qd2 44. Rxh6+ Kxh6 45. Qe6+ Kh7 46. Qf5+
Kg8 47. Qe6+ Kf8 48. Qc8+ Kf7 49. Qc7+ Kg6 50. Qc2 Nc3+ 51. Kb2 Nxe4 52. fxe4
Qxc2+ 0-1

[Event "Karposh Open 2015"]
[Site "Skopje MKD"]
[Date "2015.03.30"]
[Round "5.81"]
[White "Spirliadis, Achileas"]
[Black "Nikolovski, Martin"]
[Result "1-0"]
[WhiteElo "2087"]
[BlackElo "1795"]
[PlyCount "65"]
[EventDate "2015.03.27"]
[EventType "swiss"]
[EventRounds "9"]
[EventCountry "MKD"]
[Source "lmi"]
[SourceDate "2015.03.27"]

1. e4 e5 2. Nc3 Nf6 3. Bc4 Bc5 4. d3 d6 5. Be3 Bg4 6. Qd2 Bxe3 7. Qxe3 Nc6 8.
Nge2 Na5 9. Bb3 Nxb3 10. axb3 a6 11. O-O O-O 12. f4 exf4 13. Nxf4 Nd7 14. Qg3
Be6 15. Nh5 g6 16. d4 Kh8 17. Nf4 Nb6 18. d5 Bd7 19. Nce2 Qe7 20. Qc3+ Kg8 21.
Qxc7 Nc8 22. Qxb7 Na7 23. Qb4 Nb5 24. Ng3 f5 25. Rae1 a5 26. Qd2 fxe4 27. c4 e3
28. Rxe3 Qg5 29. cxb5 Rxf4 30. Rxf4 Qxf4 31. Re8+ Rxe8 32. Qxf4 Bxb5 33. Qxd6
1-0

[Event "Karposh Open 2015"]
[Site "Skopje MKD"]
[Date "2015.03.30"]
[Round "5.82"]
[White "Stojkovska, Monika"]
[Black "Tsintsar, Zoran"]
[Result "1-0"]
[WhiteElo "2063"]
[BlackElo "1770"]
[PlyCount "121"]
[EventDate "2015.03.27"]
[EventType "swiss"]
[EventRounds "9"]
[EventCountry "MKD"]
[Source "lmi"]
[SourceDate "2015.03.27"]

1. e4 c5 2. Nf3 Nc6 3. d4 cxd4 4. Nxd4 e5 5. Nb5 d6 6. c4 Be7 7. N1c3 a6 8. Na3
f5 9. exf5 Bxf5 10. Bd3 Bxd3 11. Qxd3 Nf6 12. Nc2 O-O 13. O-O Rc8 14. b3 Kh8
15. Rd1 Qc7 16. Bg5 b5 17. Bxf6 Bxf6 18. Ne4 bxc4 19. Qxc4 Nd4 20. Nxd4 Qxc4
21. bxc4 exd4 22. Nxf6 Rxf6 23. Rxd4 Kg8 24. Rb1 Rc6 25. f3 g6 26. a4 Rf7 27.
Rb8+ Rf8 28. Rb4 Rf5 29. Kf2 h5 30. Ke3 Rg5 31. g3 Kf7 32. Rf4+ Ke6 33. Kd4
Rgc5 34. Re4+ Kf6 35. Kd3 g5 36. h4 Rf5 37. Ke3 d5 38. cxd5 Rxd5 39. Rb3 gxh4
40. gxh4 Rd1 41. Rd3 Re1+ 42. Kf4 Rh1 43. Kg3 Ra1 44. Kf2 Rh1 45. Rd5 Kg6 46.
Rg5+ Kh6 47. Rge5 Rg6 48. Re6 Rh2+ 49. Ke3 Rxe6 50. Rxe6+ Kg7 51. Re4 Kf6 52.
Kd4 Rh3 53. Rf4+ Ke6 54. Kc5 Ke5 55. Re4+ Kf5 56. Kb6 Rxf3 57. Rb4 Rg3 58. Kxa6
Rg4 59. Kb5 Ke6 60. a5 Kd6 61. Rc4 1-0

[Event "Karposh Open 2015"]
[Site "Skopje MKD"]
[Date "2015.03.30"]
[Round "5.83"]
[White "Tevdovski, Zoran"]
[Black "Sahin, Ozgun"]
[Result "0-1"]
[WhiteElo "1735"]
[BlackElo "2054"]
[PlyCount "68"]
[EventDate "2015.03.27"]
[EventType "swiss"]
[EventRounds "9"]
[EventCountry "MKD"]
[Source "lmi"]
[SourceDate "2015.03.27"]

1. Nf3 d5 2. g3 c5 3. d3 Nc6 4. Bg2 e5 5. Nbd2 g6 6. O-O Bg7 7. e4 d4 8. a4
Nge7 9. Nc4 O-O 10. Nh4 f5 11. f4 fxe4 12. Bxe4 Bh3 13. Ng2 Qd7 14. Qe2 Rae8
15. Bd2 Nd5 16. fxe5 Rxf1+ 17. Rxf1 Nxe5 18. Nxe5 Rxe5 19. Re1 Nf6 20. Bf4 Re6
21. Bb8 Nxe4 22. dxe4 Bxg2 23. Kxg2 Qxa4 24. b3 Qc6 25. Bxa7 b5 26. Bb8 c4 27.
bxc4 bxc4 28. Bf4 Re8 29. Kh3 Qb5 30. e5 g5 31. Bc1 Rxe5 32. Qf2 Rxe1 33. Qxe1
Qf5+ 34. Kg2 Qxc2+ 0-1

[Event "Karposh Open 2015"]
[Site "Skopje MKD"]
[Date "2015.03.30"]
[Round "5.84"]
[White "Petrovic, Lazar"]
[Black "Unver, Cumali"]
[Result "0-1"]
[WhiteElo "1694"]
[BlackElo "2044"]
[PlyCount "60"]
[EventDate "2015.03.27"]
[EventType "swiss"]
[EventRounds "9"]
[EventCountry "MKD"]
[Source "lmi"]
[SourceDate "2015.03.27"]

1. d4 g6 2. Nf3 Bg7 3. Bf4 d6 4. e3 Nf6 5. Be2 O-O 6. O-O Nc6 7. h3 Qe8 8. c3
e5 9. dxe5 dxe5 10. Bh2 Qe7 11. Qb3 Ne4 12. Bb5 Bd7 13. Bxc6 Bxc6 14. Qa3 Qe6
15. Qb3 Bd5 16. Qc2 Nc5 17. Nbd2 a5 18. c4 Bc6 19. b3 Rfd8 20. Ng5 Qd7 21. Nge4
Nd3 22. Rfd1 Qf5 23. g4 Qe6 24. Ng3 h5 25. e4 hxg4 26. hxg4 Qxg4 27. f3 Qh3 28.
Ndf1 Nf4 29. Ne3 Bf8 30. Re1 Bc5 0-1

[Event "Karposh Open 2015"]
[Site "Skopje MKD"]
[Date "2015.03.30"]
[Round "5.85"]
[White "Hadzi - Manev, Ljubomir"]
[Black "Kovachevski, Georgi"]
[Result "1-0"]
[WhiteElo "2016"]
[BlackElo "1655"]
[PlyCount "103"]
[EventDate "2015.03.27"]
[EventType "swiss"]
[EventRounds "9"]
[EventCountry "MKD"]
[Source "lmi"]
[SourceDate "2015.03.27"]

1. d4 d5 2. c4 e6 3. Nc3 Nf6 4. Bg5 Be7 5. e3 Nbd7 6. cxd5 exd5 7. Bd3 O-O 8.
Nge2 c6 9. O-O Re8 10. Qc2 h6 11. Bh4 Nf8 12. f3 N6h7 13. Bf2 Bh4 14. Ng3 Bd7
15. b4 a6 16. a4 Be6 17. Nce2 Bg5 18. Nh5 Bd7 19. Nhf4 Rc8 20. g4 Bxf4 21. Nxf4
Ng5 22. Kg2 Qf6 23. Qd1 Qd6 24. Rb1 Qf6 25. Nh5 Qd6 26. h4 Ngh7 27. Qc2 Nf6 28.
Qc5 Qc7 29. Nxf6+ gxf6 30. Qc2 Kg7 31. Rh1 Ng6 32. Qd2 Rh8 33. h5 Ne7 34. Bg3
Qd8 35. Bf4 Ra8 36. Kf2 Ng8 37. Rhg1 Qe7 38. Rb2 Rc8 39. Rc1 f5 40. gxf5 Qh4+
41. Bg3 Qxh5 42. Rg1 f6 43. e4 dxe4 44. fxe4 Re8 45. Rbb1 Rh7 46. Bf4+ Kf8 47.
Rh1 Qf7 48. Rbg1 Ke7 49. Qc2 Rh8 50. Qc5+ Kd8 51. Bc4 Qe7 52. Qb6+ 1-0

[Event "Karposh Open 2015"]
[Site "Skopje MKD"]
[Date "2015.03.30"]
[Round "5.86"]
[White "Markovski, Velo"]
[Black "Can, Isil"]
[Result "1-0"]
[WhiteElo "2011"]
[BlackElo "1636"]
[PlyCount "47"]
[EventDate "2015.03.27"]
[EventType "swiss"]
[EventRounds "9"]
[EventCountry "MKD"]
[Source "lmi"]
[SourceDate "2015.03.27"]

1. e4 e5 2. Nf3 Nc6 3. d4 exd4 4. c3 dxc3 5. Nxc3 d6 6. Bc4 Nf6 7. Qb3 Qd7 8.
O-O Na5 9. Qb4 Nxc4 10. Qxc4 Qc6 11. Qd3 Be6 12. Re1 O-O-O 13. Be3 Kb8 14. Rec1
Qc4 15. Qd2 Nxe4 16. Nxe4 Qxe4 17. Bxa7+ Kc8 18. Qa5 c5 19. b4 c4 20. Bb6 Re8
21. Ng5 Qd5 22. Rxc4+ Qxc4 23. Qa8+ Kd7 24. Qxb7+ 1-0

[Event "Karposh Open 2015"]
[Site "Skopje MKD"]
[Date "2015.03.30"]
[Round "5.87"]
[White "Jeremic, Milan"]
[Black "Velkovski, Kristijan"]
[Result "1-0"]
[WhiteElo "1997"]
[BlackElo "1583"]
[PlyCount "67"]
[EventDate "2015.03.27"]
[EventType "swiss"]
[EventRounds "9"]
[EventCountry "MKD"]
[Source "lmi"]
[SourceDate "2015.03.27"]

1. d4 d5 2. c4 e6 3. Nc3 Nf6 4. Bg5 Nbd7 5. e3 c6 6. Nf3 Bb4 7. Be2 Qa5 8. Qc2
Ne4 9. Rc1 Nxg5 10. Nxg5 Nf6 11. O-O Bxc3 12. bxc3 dxc4 13. f4 b5 14. e4 h6 15.
Nf3 O-O 16. Ne5 Qc7 17. g4 Nd7 18. h4 Nxe5 19. dxe5 Bb7 20. g5 hxg5 21. hxg5 g6
22. Bf3 Kg7 23. Rcd1 Rh8 24. Rd6 Rad8 25. Rfd1 Rxd6 26. exd6 Qd7 27. Qf2 Bc8
28. Qd4+ Kg8 29. e5 a6 30. Qb6 Bb7 31. Qc7 Qxc7 32. dxc7 Kg7 33. Rd8 Rf8 34.
Bxc6 1-0

[Event "Karposh Open 2015"]
[Site "Skopje MKD"]
[Date "2015.03.30"]
[Round "5.88"]
[White "Dedebas, Emre Emin"]
[Black "Dolgun, Can"]
[Result "1/2-1/2"]
[WhiteElo "1980"]
[BlackElo "1547"]
[PlyCount "100"]
[EventDate "2015.03.27"]
[EventType "swiss"]
[EventRounds "9"]
[EventCountry "MKD"]
[Source "lmi"]
[SourceDate "2015.03.27"]

1. d4 Nf6 2. Nf3 g6 3. c4 Bg7 4. Nc3 O-O 5. e4 d6 6. h3 c5 7. d5 e6 8. Bd3 exd5
9. exd5 Re8+ 10. Be3 Na6 11. O-O Nc7 12. Bc2 Rb8 13. Bf4 a6 14. a4 b5 15. axb5
axb5 16. cxb5 Nxb5 17. Nxb5 Rxb5 18. Ba4 Rxb2 19. Bxe8 Nxe8 20. Ra7 Nc7 21. Re1
Bb7 22. Bc1 Rb6 23. Bd2 Qb8 24. Ra3 Nxd5 25. Rb3 Bc6 26. Rxb6 Qxb6 27. Qe2 h6
28. Qe4 Qd8 29. h4 Qf6 30. Qg4 Ne7 31. Re3 Nf5 32. Bc3 Bxf3 33. Qxf3 Qd8 34.
Bxg7 Kxg7 35. Ra3 Nxh4 36. Qd5 Qg5 37. Qxg5 hxg5 38. Ra6 Kf6 39. Rxd6+ Ke5 40.
Rd7 f6 41. Kf1 g4 42. g3 Nf5 43. Ke2 Ke4 44. Rc7 Nd4+ 45. Kd2 g5 46. Re7+ Kd5
47. Rf7 f5 48. Kd3 Ke5 49. Rg7 Ne6 50. Re7 f4 1/2-1/2

[Event "Karposh Open 2015"]
[Site "Skopje MKD"]
[Date "2015.03.30"]
[Round "5.90"]
[White "Dmitrovic, Zoran"]
[Black "Simsek, Meltem"]
[Result "1-0"]
[WhiteElo "2122"]
[BlackElo "1683"]
[PlyCount "59"]
[EventDate "2015.03.27"]
[EventType "swiss"]
[EventRounds "9"]
[EventCountry "MKD"]
[Source "lmi"]
[SourceDate "2015.03.27"]

1. Nf3 d5 2. d4 Nf6 3. c4 g6 4. cxd5 Nxd5 5. e4 Nf6 6. Nc3 Bg7 7. h3 O-O 8. Be2
c5 9. d5 a6 10. a4 Nbd7 11. O-O Qc7 12. Bg5 Re8 13. Qd2 Ne5 14. Rad1 Nfd7 15.
Nxe5 Bxe5 16. Be3 Nf6 17. Bd3 c4 18. Bb1 Nh5 19. f4 Bd6 20. Qf2 e5 21. dxe6
Bxe6 22. e5 Bb4 23. g4 Ng7 24. f5 gxf5 25. gxf5 Bxf5 26. Bxf5 Rxe5 27. Nd5 Qa5
28. Bc2 Rae8 29. Bb6 Bc5 30. Bxc5 1-0

[Event "Karposh Open 2015"]
[Site "Skopje MKD"]
[Date "2015.03.30"]
[Round "5.91"]
[White "Kollari, Sulejman"]
[Black "Kurekci, Ferit Tuna"]
[Result "0-1"]
[WhiteElo "2110"]
[BlackElo "1658"]
[PlyCount "80"]
[EventDate "2015.03.27"]
[EventType "swiss"]
[EventRounds "9"]
[EventCountry "MKD"]
[Source "lmi"]
[SourceDate "2015.03.27"]

1. e4 e6 2. d4 d5 3. exd5 exd5 4. Bd3 c5 5. c3 Nc6 6. Nf3 Bg4 7. Be3 c4 8. Be2
Nf6 9. Ne5 Bxe2 10. Qxe2 Nxe5 11. Bg5 Be7 12. dxe5 Ne4 13. Be3 O-O 14. O-O Bc5
15. b4 cxb3 16. axb3 Qb6 17. Bxc5 Qxc5 18. Qd3 a6 19. b4 Qc6 20. Rd1 Rad8 21.
h4 Qe6 22. Qd4 Rfe8 23. f3 Ng3 24. Kf2 Nf5 25. Qf4 Qxe5 26. Qxe5 Rxe5 27. Ra5
Ne3 28. Rd3 Rde8 29. Rc5 R5e7 30. g4 f5 31. g5 f4 32. Nd2 Nf5 33. Rcxd5 Re2+
34. Kg1 Re1+ 35. Kh2 R8e2+ 36. Kh3 Rh1+ 37. Kg4 Ne3+ 38. Rxe3 fxe3 39. Ne4 Rg2+
40. Kf5 e2 0-1

[Event "Karposh Open 2015"]
[Site "Skopje MKD"]
[Date "2015.03.30"]
[Round "5.92"]
[White "Manova, Ivana"]
[Black "Gjorshev, Ljupcho"]
[Result "0-1"]
[WhiteElo "1618"]
[BlackElo "2084"]
[PlyCount "128"]
[EventDate "2015.03.27"]
[EventType "swiss"]
[EventRounds "9"]
[EventCountry "MKD"]
[Source "lmi"]
[SourceDate "2015.03.27"]

1. e4 e5 2. Nf3 Nc6 3. d4 exd4 4. Bc4 d6 5. Nxd4 Nge7 6. Bg5 Ne5 7. Bb3 h6 8.
Bh4 a6 9. O-O c5 10. Nf3 Qc7 11. Nxe5 dxe5 12. Bxe7 Bxe7 13. Bd5 Bd7 14. Qf3
O-O 15. Qh5 Rae8 16. Nc3 c4 17. Rad1 Bc5 18. Ne2 Be6 19. Ng3 Bxd5 20. Rxd5 Re6
21. Rfd1 Rf6 22. Nf5 Qb6 23. Qe2 Kh7 24. Rf1 g6 25. Nh4 Rc8 26. c3 Qc7 27. Nf3
Re6 28. Rfd1 Kg7 29. Kf1 b5 30. Qd2 Rce8 31. Ne1 Qb6 32. Nf3 Rf6 33. Re1 a5 34.
Re2 b4 35. Nxe5 Qc7 36. Ng4 Rfe6 37. Qxh6+ Kg8 38. e5 Bf8 39. Qd2 Bg7 40. Rd7
Qc8 41. Qd5 a4 42. a3 bxa3 43. bxa3 Kf8 44. Rd2 f5 45. Qxe6 Rxe6 46. Rd8+ Qxd8
47. Rxd8+ Ke7 48. Rc8 fxg4 49. Rxc4 Bxe5 50. Rxa4 Bxc3 51. g3 Bb2 52. Kg2 Kf6
53. h3 gxh3+ 54. Kxh3 Re2 55. Kg2 Rd2 56. Rf4+ Kg5 57. a4 Be5 58. Rh4 Kf5 59.
Kf3 Rd4 60. Rxd4 Bxd4 61. g4+ Kg5 62. Kg3 Be5+ 63. Kf3 Bc7 64. Kg2 Kxg4 0-1

[Event "Karposh Open 2015"]
[Site "Skopje MKD"]
[Date "2015.03.30"]
[Round "5.93"]
[White "Danchevski, Gorast"]
[Black "Bejatovic, Bojana"]
[Result "0-1"]
[WhiteElo "1587"]
[BlackElo "2026"]
[PlyCount "34"]
[EventDate "2015.03.27"]
[EventType "swiss"]
[EventRounds "9"]
[EventCountry "MKD"]
[Source "lmi"]
[SourceDate "2015.03.27"]

1. e4 d6 2. d4 Nf6 3. Nc3 Nbd7 4. Nf3 e5 5. Bd3 Be7 6. O-O O-O 7. h3 Re8 8. Be3
c6 9. Qd2 b5 10. d5 b4 11. Ne2 cxd5 12. Bb5 dxe4 13. Bc6 exf3 14. Bxa8 fxe2 15.
Qxe2 Qa5 16. Bc6 Ba6 17. Qf3 Bxf1 0-1

[Event "Karposh Open 2015"]
[Site "Skopje MKD"]
[Date "2015.03.30"]
[Round "5.94"]
[White "Veljanoski, Andrej"]
[Black "Cvetkovski, Slobodan"]
[Result "1-0"]
[WhiteElo "1555"]
[BlackElo "1885"]
[PlyCount "77"]
[EventDate "2015.03.27"]
[EventType "swiss"]
[EventRounds "9"]
[EventCountry "MKD"]
[Source "lmi"]
[SourceDate "2015.03.27"]

1. e4 e6 2. d4 d5 3. e5 c5 4. c3 Nc6 5. Nf3 Qb6 6. Be2 Bd7 7. O-O Rc8 8. a3 f5
9. b4 cxd4 10. cxd4 g6 11. Be3 h6 12. Nc3 Nxb4 13. Na4 Bxa4 14. Qxa4+ Nc6 15.
Rab1 Qa5 16. Qxa5 Nxa5 17. Bd2 b6 18. Bxa5 bxa5 19. Rb7 Bxa3 20. Bb5+ Kf8 21.
Bd7 Rd8 22. Bxe6 Ne7 23. Rxa7 Bb4 24. Rc1 g5 25. h3 f4 26. Rcc7 Ke8 27. Rd7 Rh7
28. Rxd8+ Kxd8 29. Bxd5 Rg7 30. Be4 Rg8 31. d5 Nc8 32. Ra8 Re8 33. Bf5 Kc7 34.
d6+ Bxd6 35. Rxc8+ Rxc8 36. exd6+ Kd8 37. Bxc8 Kxc8 38. Nd4 Kd7 39. Nb5 1-0

[Event "Karposh Open 2015"]
[Site "Skopje MKD"]
[Date "2015.03.30"]
[Round "5.95"]
[White "Minko, Dmitry"]
[Black "Topalov, Nikola"]
[Result "1-0"]
[WhiteElo "1885"]
[BlackElo "1544"]
[PlyCount "95"]
[EventDate "2015.03.27"]
[EventType "swiss"]
[EventRounds "9"]
[EventCountry "MKD"]
[Source "lmi"]
[SourceDate "2015.03.27"]

1. e4 c5 2. Nf3 d6 3. d4 cxd4 4. Nxd4 Nf6 5. Nc3 a6 6. f3 g6 7. Bc4 Bg7 8. Be3
O-O 9. Bb3 Nc6 10. Qd2 Na5 11. O-O-O Nxb3+ 12. cxb3 e6 13. Kb1 Ne8 14. g4 e5
15. Nde2 Be6 16. Nd5 Bxd5 17. Qxd5 Qe7 18. h4 Kh8 19. h5 g5 20. h6 Bf6 21. Ng3
Rd8 22. Bb6 Rd7 23. Nf5 Qe6 24. Bc5 Nc7 25. Qxe6 fxe6 26. Nxd6 Rfd8 27. Kc2 b6
28. Ba3 Na8 29. Nc4 Rxd1 30. Rxd1 Rxd1 31. Kxd1 Kg8 32. Bd6 Kf7 33. Nxe5+ Bxe5
34. Bxe5 Kg6 35. f4 gxf4 36. Bxf4 b5 37. Kd2 Nb6 38. Kd3 Nd7 39. Kd4 Kf6 40.
e5+ Kg6 41. a4 bxa4 42. bxa4 a5 43. Kc4 Nb6+ 44. Kb5 Nd5 45. Bd2 Ne7 46. b4
axb4 47. Bxb4 Nc8 48. Kc6 1-0

[Event "Karposh Open 2015"]
[Site "Skopje MKD"]
[Date "2015.03.30"]
[Round "5.96"]
[White "Ajrula, Adnan"]
[Black "Sinik, Yagmur"]
[Result "1-0"]
[WhiteElo "1858"]
[BlackElo "1474"]
[PlyCount "53"]
[EventDate "2015.03.27"]
[EventType "swiss"]
[EventRounds "9"]
[EventCountry "MKD"]
[Source "lmi"]
[SourceDate "2015.03.27"]

1. d4 e6 2. e4 d5 3. Nc3 Bb4 4. exd5 exd5 5. Nf3 Nf6 6. Bg5 Nc6 7. Bb5 O-O 8.
O-O a6 9. Bxf6 gxf6 10. Bd3 Bxc3 11. bxc3 Kh8 12. Nh4 Rg8 13. Qh5 Rg7 14. Rfe1
Be6 15. Re3 Qd7 16. Rae1 Rag8 17. Rg3 Ne7 18. Qf3 f5 19. Rxg7 Rxg7 20. Re5 Ng6
21. Nxg6+ fxg6 22. h4 Re7 23. h5 Bf7 24. Qf4 Qd6 25. hxg6 hxg6 26. Qh4+ Kg7 27.
Qxe7 1-0

[Event "Karposh Open 2015"]
[Site "Skopje MKD"]
[Date "2015.03.30"]
[Round "5.97"]
[White "Hayrat, Mehmet Emir"]
[Black "Vasilevski, Igor"]
[Result "0-1"]
[WhiteElo "1433"]
[BlackElo "1852"]
[PlyCount "42"]
[EventDate "2015.03.27"]
[EventType "swiss"]
[EventRounds "9"]
[EventCountry "MKD"]
[Source "lmi"]
[SourceDate "2015.03.27"]

1. e4 e6 2. d4 b6 3. Nc3 Bb7 4. Bd3 c5 5. Be3 cxd4 6. Bxd4 Nc6 7. Be3 Nf6 8.
Nf3 d6 9. Qd2 Be7 10. h3 a6 11. g4 Qc7 12. O-O-O Nd7 13. Bc4 Na5 14. Be2 Nc5
15. Bxc5 Qxc5 16. Qd4 Qxd4 17. Rxd4 O-O 18. h4 Rac8 19. g5 f5 20. Nd2 e5 21.
Rd3 f4 0-1

[Event "Karposh Open 2015"]
[Site "Skopje MKD"]
[Date "2015.03.30"]
[Round "5.98"]
[White "Aksoy, Ayca"]
[Black "Kosteski, Mile"]
[Result "1-0"]
[WhiteElo "1850"]
[BlackElo "1427"]
[PlyCount "123"]
[EventDate "2015.03.27"]
[EventType "swiss"]
[EventRounds "9"]
[EventCountry "MKD"]
[Source "lmi"]
[SourceDate "2015.03.27"]

1. Nf3 Nf6 2. d4 d5 3. c4 c6 4. Nc3 Nbd7 5. e3 e6 6. Qc2 Be7 7. Bd3 O-O 8. O-O
Re8 9. Rd1 Nf8 10. Qe2 Ng6 11. e4 dxe4 12. Nxe4 Nxe4 13. Qxe4 Bf6 14. Be3 Re7
15. Rac1 Rd7 16. b3 b6 17. Bc2 Bb7 18. Qg4 Qe7 19. Bg5 Bxg5 20. Nxg5 Qf6 21.
Rd2 Rad8 22. Rcd1 Bc8 23. Nf3 Bb7 24. Qh5 Re8 25. h3 Ba8 26. Ng5 h6 27. Nf3 Nf4
28. Qg4 Ng6 29. Bxg6 Qxg6 30. Qxg6 fxg6 31. Ne5 Rd6 32. Nxg6 Red8 33. Kf1 c5
34. d5 exd5 35. Ne7+ Kf7 36. Nxd5 Bxd5 37. Rxd5 Rxd5 38. cxd5 Ke7 39. Ke2 Kd6
40. f4 Re8+ 41. Kf3 g6 42. g4 b5 43. h4 c4 44. bxc4 bxc4 45. h5 gxh5 46. gxh5
c3 47. Rc1 Rc8 48. Ke3 Kxd5 49. Kd3 c2 50. a3 a6 51. a4 a5 52. Rxc2 Rxc2 53.
Kxc2 Ke4 54. Kc3 Kxf4 55. Kc4 Kg5 56. Kb5 Kxh5 57. Kxa5 Kg4 58. Kb4 h5 59. a5
h4 60. a6 h3 61. a7 h2 62. a8=Q 1-0

[Event "Karposh Open 2015"]
[Site "Skopje MKD"]
[Date "2015.03.30"]
[Round "5.99"]
[White "Minko, Olga"]
[Black "Vukelic, Zvonimir"]
[Result "1/2-1/2"]
[WhiteElo "1441"]
[BlackElo "1850"]
[PlyCount "84"]
[EventDate "2015.03.27"]
[EventType "swiss"]
[EventRounds "9"]
[EventCountry "MKD"]
[Source "lmi"]
[SourceDate "2015.03.27"]

1. e4 e5 2. Nf3 Nc6 3. Nc3 a6 4. d4 exd4 5. Nxd4 Nxd4 6. Qxd4 d6 7. Bc4 b5 8.
Bd5 c5 9. Qd3 Rb8 10. Qf3 Nf6 11. Bg5 Be7 12. Bc6+ Bd7 13. Bxd7+ Nxd7 14. Bxe7
Qxe7 15. Nd5 Qd8 16. O-O Ne5 17. Qg3 O-O 18. f4 Nc4 19. f5 f6 20. Nf4 Rf7 21.
Ne6 Qb6 22. Rad1 Ne5 23. b3 Rc8 24. h3 h6 25. Rd2 a5 26. Rfd1 Rc6 27. Nf4 c4+
28. Qf2 Qxf2+ 29. Kxf2 Rd7 30. Rd5 cxb3 31. cxb3 Rc2+ 32. R1d2 Rxd2+ 33. Rxd2
Nf7 34. Nd5 Rd8 35. Rc2 Ng5 36. Re2 Re8 37. h4 Nf7 38. Nc7 Rb8 39. Ne6 Rc8 40.
Nd4 b4 41. Nc2 Ne5 42. Ne3 Nd3+ 1/2-1/2

[Event "Karposh Open 2015"]
[Site "Skopje MKD"]
[Date "2015.03.30"]
[Round "5.100"]
[White "Ekinci, Berkay"]
[Black "Aydincelebi, Kagan"]
[Result "0-1"]
[WhiteElo "1416"]
[BlackElo "1832"]
[PlyCount "82"]
[EventDate "2015.03.27"]
[EventType "swiss"]
[EventRounds "9"]
[EventCountry "MKD"]
[Source "lmi"]
[SourceDate "2015.03.27"]

1. d4 Nf6 2. c4 c5 3. dxc5 Na6 4. Nc3 Nxc5 5. Nf3 d6 6. e3 g6 7. Be2 Bg7 8. O-O
O-O 9. a3 a5 10. Nd4 Nfe4 11. Nxe4 Nxe4 12. Bf3 Nc5 13. Re1 a4 14. Rb1 Bd7 15.
e4 Rc8 16. Nc2 b5 17. cxb5 Bxb5 18. Nb4 Nb3 19. Be3 e6 20. Be2 Bxe2 21. Qxe2
Qa5 22. Red1 Rfd8 23. Bf4 Be5 24. Bxe5 Qxe5 25. f3 Qc5+ 26. Kh1 d5 27. exd5
exd5 28. Nd3 Qc4 29. Qf2 d4 30. h3 Re8 31. Nc1 Nxc1 32. Rbxc1 Qxc1 33. Rxc1
Rxc1+ 34. Kh2 Rd8 35. Qd2 Rc6 36. Qd3 Re6 37. Kg1 Re3 38. Qd1 d3 39. Kf2 Re2+
40. Kf1 Rc2 41. g4 d2 0-1